| 000 | 00934nam a2200265Ia 4500 | ||
|---|---|---|---|
| 003 | OSt | ||
| 005 | 20220927110409.0 | ||
| 006 | a|||||r|||| 00| 0 | ||
| 007 | ta | ||
| 008 | 220926b |||||||| |||| 00| 0 eng d | ||
| 024 | _a56896 | ||
| 037 | _cReports | ||
| 040 |
_aRTL _cRTL _beng |
||
| 041 |
_2eng _aeng |
||
| 082 | _a"X:958:(D6,9(B), N5" | ||
| 110 |
_aInternational Social Security Association Regional Meeting(Turkey)(1993) _9377646 |
||
| 245 | 0 | _aReport for Asia and the pacific on modern management issues and application of data processing techniques | |
| 260 |
_aNew _bDelhi I S S A India _c1995 |
||
| 300 |
_a229p. _ccm. |
||
| 490 | _a"Social security documentation: Asia and pacitic series,18" | ||
| 650 |
_aSocial Scurity _9352929 |
||
| 700 |
_aInternational Social Security Association Regional Meeting(Turkey)(1993) _9377647 |
||
| 942 |
_h"X:958:(D6,9(B), N5" _cCC |
||
| 999 |
_c696356 _d696356 |
||